000
00325nam a2200121 a 4500
005
20140414093835.0
008
030611s19uu xx 00 eng d
050
_a
CDR 909
_b
EYE 1999
245
_a
Eyewitness encycolpedia of the world :
_b
History of the world.
650
_a
World history.
942
_c
AVM
999
_c
108951
_d
108951